The reason for my hope : (Record no. 8060)

MARC details
000 -LEADER
fixed length control field 01400cam a2200361 i 4500
001 - CONTROL NUMBER
control field 17698968
003 - CONTROL NUMBER IDENTIFIER
control field GBCCL
005 - DATE AND TIME OF LATEST TRANSACTION
control field 20241126110642.0
008 - FIXED-LENGTH DATA ELEMENTS--GENERAL INFORMATION
fixed length control field 130415s2013 tnu b 000 0 eng
010 ## -
-- 2013007539
020 ## - INTERNATIONAL STANDARD BOOK NUMBER
International Standard Book Number 9780849947612 (hbk.)
020 ## - INTERNATIONAL STANDARD BOOK NUMBER
International Standard Book Number 0849947618 (hbk.)
020 ## - INTERNATIONAL STANDARD BOOK NUMBER
International Standard Book Number 9780849922046 (IE)
040 ## - CATALOGING SOURCE
Original cataloging agency DLC
Language of cataloging eng
Transcribing agency DLC
Description conventions rda
Modifying agency DLC
042 ## -
-- pcc
050 00 -
-- BT751.3
-- .G725 2013
082 00 - DEWEY DECIMAL CLASSIFICATION NUMBER
Classification number 234.25
Edition information 23
Item number GRA
100 1# - MAIN ENTRY--PERSONAL NAME
Personal name Graham, Billy,
Dates associated with a name 1918-2018.
9 (RLIN) 9331
245 14 - TITLE STATEMENT
Title The reason for my hope :
Remainder of title salvation /
Statement of responsibility, etc. Billy Graham.
264 #1 - PRODUCTION, PUBLICATION, DISTRIBUTION, MANUFACTURE, AND COPYRIGHT NOTICE
Place of production, publication, distribution, manufacture Nashville, Tennessee :
Name of producer, publisher, distributor, manufacturer W Publishing Group, an imprint of Thomas Nelson,
Date of production, publication, distribution, manufacture, or copyright notice [2013]
264 #4 - PRODUCTION, PUBLICATION, DISTRIBUTION, MANUFACTURE, AND COPYRIGHT NOTICE
Date of production, publication, distribution, manufacture, or copyright notice @2013
300 ## - PHYSICAL DESCRIPTION
Extent xii, 207 pages ;
Dimensions 24 cm
336 ## - CONTENT TYPE
Content type term text
Source rdacontent
337 ## - MEDIA TYPE
Media type term unmediated
Source rdamedia
338 ## - CARRIER TYPE
Carrier type term volume
Source rdacarrier
504 ## - BIBLIOGRAPHY, ETC. NOTE
Bibliography, etc. note Includes bibliographical references (pages 185-206).
505 0# - FORMATTED CONTENTS NOTE
Formatted contents note Hope for rescue -- Redeeming hope for all -- Hope for the culture -- Hope emerges -- Resurrecting hope -- Hope for a designer world -- No hope of happy hour in hell -- My hope -- Living life with hope.
650 #0 - SUBJECT ADDED ENTRY--TOPICAL TERM
Topical term or geographic name entry element Salvation
General subdivision Christianity.
9 (RLIN) 887
650 #0 - SUBJECT ADDED ENTRY--TOPICAL TERM
Topical term or geographic name entry element Hope
General subdivision Religious aspects
-- Christianity.
9 (RLIN) 272
906 ## - LOCAL DATA ELEMENT F, LDF (RLIN)
a 7
b cbc
c orignew
d 1
e ecip
f 20
g y-gencatlg
942 ## - ADDED ENTRY ELEMENTS (KOHA)
Source of classification or shelving scheme Dewey Decimal Classification
Koha item type Books
Koha issues (borrowed), all copies 1
Holdings
Withdrawn status Lost status Source of classification or shelving scheme Damaged status Not for loan Home library Current Library Shelving location Date acquired Source of acquisition Cost, normal purchase price Total checkouts Full call number Barcode Date last seen Date last checked out Copy number Cost, replacement price Price effective from Koha item type
    Dewey Decimal Classification     GRACE BIBLE COLLEGE GRACE BIBLE COLLEGE Theology 2019-08-05 9 600.00 1 234.25 GRA 014382 2025-05-01 2020-03-04 c.1 600.00 2019-08-05 Books
© Grace Bible College Library 2025